Metodología y técnicas de atletismo

Saved in:
書目詳細資料
主要作者: Rius Sant, Joan (Author)
格式: 圖書
語言:西班牙语
出版: Barcelona Paidotribo 2009
版:1a. ed
主題:
標簽: 添加標簽
沒有標簽, 成為第一個標記此記錄!

MARC

LEADER 00000nam a2200000 a 4500
001 UCG3405
003 CL-VaPUC
008 100826e20090000SP |||||||||||||||||spa|d
020 |a 9788480198295 
082 0 4 |a 796.4  |b RIU  |2 21 
100 0 |a Rius Sant, Joan  |e author  |9 552522 
245 1 0 |a Metodología y técnicas de atletismo 
250 |a 1a. ed 
300 |a 479 p 
942 |c BK 
945 |d 20100826 00:00:00  |a mfarfan 
260 |a Barcelona  |b Paidotribo  |c 2009 
650 0 |a Atletismo  |9 307422 
650 7 |a ENTRENAMIENTO ATLETICO  |2 CL-VaPUC  |9 552523 
650 0 |a Actividad física  |9 362156 
583 |a last modification  |c 20100826 00:00:00  |k Rodrigo Vera 
999 |c 342473  |d 342471 
952 |0 0  |1 0  |4 0  |6 796_400000000000000_RIU_2009  |7 0  |8 C  |9 438682  |a BIBCUR  |b BIBCUR  |d 2019-11-22  |i 4712633  |o 796.4 RIU 2009  |p 4712633  |r 2025-04-22  |w 2019-11-22  |y BK  |k DEN